| 000 | 00670nam a22001937a 4500 | ||
|---|---|---|---|
| 999 |
_c169608 _d169608 |
||
| 005 | 20191126152240.0 | ||
| 010 | _aUR-10625 | ||
| 020 |
_c145.00 _a9789388736930 |
||
| 035 | _aU-9180 | ||
| 037 |
_bDBAD/PUB _a- |
||
| 082 | _a844.08 | ||
| 100 | _aسر و ر حسين | ||
| 245 |
_aگہر ا د ب (تنقيد ی مضا مين ) _cسر و ر حسين |
||
| 246 |
_bGohar-e-Adab(LIterary Articles) (Urdu) _aby Sarwar Hussain |
||
| 260 |
_aDelhi _bEducational Publishing House _c2019 ء |
||
| 270 |
_a3191,Vakil Street, Kucha Pandit,Lal Kuan, _bDelhi _e110006 _k01123216162 _l- |
||
| 300 |
_a230 ص _c22 Cm(Hb) |
||
| 942 |
_2ddc _cUR _h844.08 _mس ر و |
||